|
|
|
|
| LEADER |
01851cas a2200253 a 4500 |
| 001 |
AALejournalIMF018439 |
| 008 |
230101c9999 xx r poo 0 0eng d |
| 020 |
|
|
|c 5.00 USD
|
| 020 |
|
|
|z 9781484353578
|
| 022 |
|
|
|a 1018-5941
|
| 040 |
|
|
|a BD-DhAAL
|c BD-DhAAL
|
| 100 |
1 |
|
|a Misch, Florian.
|
| 245 |
1 |
0 |
|a Resource Misallocation and Productivity :
|b Evidence from Mexico /
|c Florian Misch, Christian Saborowski.
|
| 264 |
|
1 |
|a Washington, D.C. :
|b International Monetary Fund,
|c 2018.
|
| 300 |
|
|
|a 1 online resource (32 pages)
|
| 490 |
1 |
|
|a IMF Working Papers
|
| 500 |
|
|
|a <strong>Off-Campus Access:</strong> No User ID or Password Required
|
| 500 |
|
|
|a <strong>On-Campus Access:</strong> No User ID or Password Required
|
| 506 |
|
|
|a Electronic access restricted to authorized BRAC University faculty, staff and students
|
| 520 |
3 |
|
|a This paper explores the role for specific structural distortions in explaining Mexico's weak productivity growth through the resource misallocation channel. The paper makes two contributions. First, we validate the approach of measuring misallocation indirectly (Hsieh and Klenow, 2009) by illustrating a close correlation between misallocation and per capita incomes across Mexican states. Second, we exploit the large variation in resource misallocation within industries and across states together with unusually rich data at the firm, local, and industry level to shed light on its determinants. We identify several well-defined distortions that have a statistically and economically meaningful effect on productivity via resource misallocation.
|
| 538 |
|
|
|a Mode of access: Internet
|
| 700 |
1 |
|
|a Saborowski, Christian.
|
| 830 |
|
0 |
|a IMF Working Papers; Working Paper ;
|v No. 2018/112
|
| 856 |
4 |
0 |
|z Full text available on IMF
|u http://elibrary.imf.org/view/journals/001/2018/112/001.2018.issue-112-en.xml
|z IMF e-Library
|